| 000 | 03512 a2200433 4500 | ||
|---|---|---|---|
| 001 | 22734575 | ||
| 003 | 0000 | ||
| 005 | 20251110121223.0 | ||
| 006 | m |o d | | ||
| 007 | cr_||||||||||| | ||
| 008 | 220708s2023 flu ob 001 0 eng | ||
| 010 | _a 2022016391 | ||
| 020 | _a9781032061023 | ||
| 035 | _a22734575 | ||
| 040 |
_aDLC _beng _cDLC _erda _dDLC |
||
| 042 | _apcc | ||
| 050 | 0 | 0 | _aTA 455 .P58 |
| 082 | 0 | 0 |
_a620.1/92 _223/eng/20220803 |
| 100 | _aSrinivasan, Anandhan (editor) | ||
| 245 | 0 | 0 |
_aProgress in Polymer Research for Biomedical, Energy and Specialty Applications / _cedited by Anandhan Srinivasan, Selvakumar Murugesan, Arunjunai Raj Mahendran. |
| 264 | 1 |
_aBoca Raton, FL : _bCRC Press, Taylor & Francis Group, an informa business, _c2023. |
|
| 300 | _axv, 425p. ill. | ||
| 336 |
_atext _btxt _2rdacontent |
||
| 337 |
_acomputer _bc _2rdamedia |
||
| 338 |
_aonline resource _bcr _2rdacarrier |
||
| 504 | _aIncludes bibliographical references and index. | ||
| 505 | 2 | _a3D bioprinting for tissue regeneration / Selvakumar Murugesan and Thomas Scheibel -- Polymeric biomaterials and current trends for advanced applications / Vineeth M. Vijayan, Suja Mathai, Vinoy Thomas -- Sustainable biofillers and their biocomposites : opportunities and challenges / Drupitha MP, Manjusri Misra and Amar Kumar Mohanty. | |
| 520 |
_a"With the rapid advancements in polymer research, polymers are finding newer applications such as scaffolds for tissue engineering, wound healing, flexible displays, and energy devices. In same spirit, this book covers key features of recent advancements in polymeric materials and their specialty applications. Divided into four sections namely biomedical applications, energy harvesting and storage, smart materials and nanocomposites, and specialty materials, it covers biopolymers, polymer-based biomaterials, polymer-based nanohybrids, polymer-based nanocomposites, polymer supported regenerative medicines, advanced polymers for microfluidic devices and advanced polymer device fabrication techniques. Features : provides comprehensive review of all different polymers for applications in tissue engineering, biomedical implants, energy storage or conversion, and so forth, discusses advanced strategies in development of scaffolds for tissue engineering, elaborates various advanced fabrication techniques for polymeric devices, explores the nuances in polymer-based batteries and energy harvesting, and reviews industrial process development for light weight polymeric syntactic foams. This book aims at academic researchers, industry personnel and graduate students of interdisciplinary fields of polymer and materials technology, composite engineering, Biomedical Engineering, Applied Chemistry and Chemical Engineering, Advance polymer manufacturing, and additive manufacturing"-- _cProvided by publisher. |
||
| 588 | _aDescription based on print version record and CIP data provided by publisher. | ||
| 650 | 0 | _aPolymers. | |
| 650 | 0 | _aPolymeric composites. | |
| 650 | 0 | _aPolymers in medicine. | |
| 650 | 0 | _aNanocomposites (Materials) | |
| 700 | 1 |
_aSrinivasan, Anandhan, _eeditor. |
|
| 776 | 0 | 8 |
_iPrint version: _tProgress in Polymer Research for Biomedical, Energy and Specialty Applications _bFirst edition. _dBoca Raton, FL : CRC Press, Taylor & Francis Group, an informa business, 2023 _z9781032061009 _w(DLC) 2022016390 |
| 906 |
_a7 _bcbc _corignew _d1 _eecip _f20 _gy-gencatlg |
||
| 942 |
_2lcc _cBK |
||
| 999 |
_c43985 _d43985 |
||